| 000 | 00458nam a22001697a 4500 | ||
|---|---|---|---|
| 999 |
_c18670 _d18670 |
||
| 008 | 210105b xxu||||| |||| 00| 0 eng d | ||
| 020 | _a9380199559 | ||
| 050 |
_aQA304 _b.S56 2017 c.1 |
||
| 100 | _aSingh, U.P. | ||
| 245 |
_aA Textbook of Differential Calculus _cU.P. Singh |
||
| 260 |
_aNew Delhi _bWisdom Press _c2017 |
||
| 300 | _a240p. | ||
| 650 | _aDifferential Calculus | ||
| 700 | _aR.J. Srivastava | ||
| 700 | _aN.H. Siddiqui | ||
| 942 |
_2lcc _cBK |
||